00000000nas##2200000za#4500
0019.503658
003CaOODSP
00520250611103459
007cr |||||||||||
008150406c2009||||xxc|| p o||||f|   |0fre|d
022 |a1925-2803
040 |aCaOODSP|bfre
043 |an-cn---
0861 |aA71-34F-PDF
1101 |aCanada. |bAgriculture et agroalimentaire Canada.
24513|aUn aperçu de l'industrie fruitière du Canada |h[ressource électronique]
260 |aOttawa - Ontario : |bAgriculture et Agroalimentaire Canada
310 |aAnnuel
3621 |a[2009]--
77508|tA snapshot of the Canadian fruit industry |w(CaOODSP)9.507269